01032nam a2200277 a 450000100100000000500170001000800410002704000250006808200200009310000420011324500620015526000380021730000210025550500720027656300640034859000260041265000240043865000240046265000310048674000310051774000160054874000180056491000370058295201180061999900170073700001325820240412074238.0091123s1986 dr 000 0 spa d aDO-SdBNPbspacBNPHU aRD863.44bV297s1 aVargas Gómez, Andres,d1915-93045810aSombras y luces :b(antología) /cAdres Vargas Gómez. aSanto Domingo :bCorripio,c1986. a186 p. ;c23 cm.0 tContiene: El amor tiene muchas almas.tEl ánfora.tNabucodonosor. aTres obras encuadernadas juntas con paginación contínua aInventariado, 2020/VM 4aNovela cubana92316 4aDrama cubano930459 0aLiteratura dominicana.96702aEl amor tiene muchas almas02aEl ánfora02aNabucodonosor aValidado. Control de calidad MFF 0010718PDaPDbPDcHDd2009-11-23iLF1l0oRD863.44 V297sp13258-10r2020-06-25w2020-06-25yLFPDZNo se presta c12889d12889